|
|
|
|
| LEADER |
01103nam a2200277 a 4500 |
| 001 |
3488861 |
| 008 |
130320s1995 caua b 001 0 eng d |
| 010 |
|
|
|a 94040646
|
| 020 |
|
|
|a 9780803953970
|
| 020 |
|
|
|a 9780803953987
|
| 020 |
|
|
|a 0803953976
|
| 020 |
|
|
|a 0803953984 (pbk.)
|
| 040 |
|
|
|a DLC
|c DLC
|d DLC
|d BD-DhAAL
|
| 082 |
0 |
0 |
|a 362.1014
|2 20
|
| 245 |
0 |
0 |
|a Designing health messages :
|b approaches from communication theory and public health practice /
|c Edward Maibach, Roxanne Louiselle Parrott, editors.
|
| 260 |
|
|
|a Thousand Oaks, Calif. :
|b Sage Publications,
|c c1995.
|
| 300 |
|
|
|a xiii, 304 p. :
|b ill. ;
|c 23 cm.
|
| 504 |
|
|
|a Includes bibliographical references and index.
|
| 541 |
|
|
|e 00026731
|
| 650 |
|
0 |
|a Mass media in health education.
|
| 650 |
|
0 |
|a Health promotion.
|
| 700 |
1 |
|
|a Maibach, Edward.
|
| 700 |
1 |
|
|a Parrott, Roxanne.
|
| 852 |
1 |
|
|a Ayesha Abed Library
|c General shelf.
|
| 999 |
|
|
|c 13256
|d 13256
|
| 952 |
|
|
|0 0
|1 0
|2 ddc
|4 0
|6 362_101400000000000_DES
|7 0
|9 22085
|a JPGSPH
|b JPGSPH
|c GEN
|d 2013-03-23
|e Karim International
|g 5000.00
|l 0
|o 362.1014 DES
|p 3060026731
|r 2013-03-23
|t 1
|w 2013-03-23
|y BK
|